000 00329nam a2200121Ia 4500
008 220216s9999 xx 000 0 und d
100 _aSuresh T Kilachand
245 0 _aSynthetic rubber industry in India By 2000 A D
260 _bRubber Chem Review
_c1993
300 _a21-32
650 _aRubber industry in India
942 _cJS
999 _c70174
_d70174